000 00385nam a2200133Ia 4500
005 20260326100046.0
008 260326s9999||||xx |||||||||||||| ||und||
100 _aLópez Rangel, Rafael
245 0 _aLa Modernidad Arquitectónica Mexicana /
_cRafael López Rangel
260 _bUniversidad Autónoma Metropolitana
300 _a235 p.
650 _aARQUITECTURA REGIONAL
942 _cBK
999 _c7206
_d7206